ბათუმის შოთა რუსთაველის სახელმწიფო უნივერსიტეტის ბიბლიოთეკა

მოამბე = Bulleten : (ბიბ.ჩანაწერი № 57817)

000 -LEADER
fixed length control field 00786nam a22002057a 4500
005 - DATE AND TIME OF LATEST TRANSACTION
control field 20210118133536.0
008 - FIXED-LENGTH DATA ELEMENTS--GENERAL INFORMATION
fixed length control field 201221c2020 ge ||||| |||| 00| 0 geo d
022 ## - INTERNATIONAL STANDARD SERIAL NUMBER
International Standard Serial Number 01321447
041 ## - LANGUAGE CODE
Language code of text/sound track or separate title geo
245 ## - TITLE STATEMENT
Title მოამბე = Bulleten :
Remainder of title 2020 /
Statement of responsibility, etc. რედაქტორი გიორგი კვესიტაძე.
260 ## - PUBLICATION, DISTRIBUTION, ETC.
Place of publication, distribution, etc. თბილისი,
Date of publication, distribution, etc. 2020.
300 ## - PHYSICAL DESCRIPTION
Extent 176 გვ.
Other physical details 30 სმ.
653 ## - INDEX TERM--UNCONTROLLED
Uncontrolled term მატემატიკა
653 ## - INDEX TERM--UNCONTROLLED
Uncontrolled term ორგანული ქიმია
653 ## - INDEX TERM--UNCONTROLLED
Uncontrolled term სანმენებლო მექანიკა
653 ## - INDEX TERM--UNCONTROLLED
Uncontrolled term გეოლოგია
653 ## - INDEX TERM--UNCONTROLLED
Uncontrolled term პერიოდიკა
700 ## - ADDED ENTRY--PERSONAL NAME
Personal name კვესიტაძე, გიორგი
Relator term რედაქტორი
9 (RLIN) 2606
942 ## - ADDED ENTRY ELEMENTS (KOHA)
Source of classification or shelving scheme
Koha item type პერიოდიკა
ეგზემპლარები
Withdrawn status Lost status Source of classification or shelving scheme Damaged status Not for loan Permanent Location Current Location Shelving location Date acquired Serial Enumeration / chronology Barcode Date last seen Copy number Price effective from Koha item type
        შიდა ფონდი ბათუმის შოთა რუსთაველის სახელმწიფო უნივერსიტეტის მთავარი ბიბლიოთეკა ბათუმის შოთა რუსთაველის სახელმწიფო უნივერსიტეტის მთავარი ბიბლიოთეკა წიგნსაცავი 2020-12-21 (ტ. 14, #1) (2020) იანვარი თებერვალი მარტი p80688 2020-12-21 p80688 2020-12-21 პერიოდიკა
        შიდა ფონდი ბათუმის შოთა რუსთაველის სახელმწიფო უნივერსიტეტის მთავარი ბიბლიოთეკა ბათუმის შოთა რუსთაველის სახელმწიფო უნივერსიტეტის მთავარი ბიბლიოთეკა წიგნსაცავი 2020-12-21 (ტ.14, #2) (2020) აპრილი მაისი ივნისი p80689 2020-12-21 p80689 2020-12-21 პერიოდიკა
        შიდა ფონდი ბათუმის შოთა რუსთაველის სახელმწიფო უნივერსიტეტის მთავარი ბიბლიოთეკა ბათუმის შოთა რუსთაველის სახელმწიფო უნივერსიტეტის მთავარი ბიბლიოთეკა წიგნსაცავი 2020-12-21 (ტ.14, #3) (2020) ივლისი აგვისტო სექტემბერი p80690 2020-12-21 p80690 2020-12-21 პერიოდიკა